2013 Movies by Poster Quiz Stats

Quiz Updated Jul 2, 2016

Challenge
Share
Tweet
Score 0/20 Timer 05:00
5 Plays Today
% Correct
Frozen
96.1%
The Wolf of Wall Street
94.2%
Monsters University
91%
Gravity
86.9%
The Great Gatsby
78.5%
12 Years a Slave
77.3%
Man of Steel
72.6%
Dallas Buyers Club
69.9%
The Lone Ranger
67.5%
American Hustle
62.2%
% Correct
Captain Phillips
60.2%
Her
57.8%
The Wolverine
54.4%
World War Z
45.2%
The Hobbit: The Desolation of Smaug
44%
The Conjuring
37%
The World's End
36.5%
Philomena
28.3%
Blackfish
27.6%
Inside Llewyn Davis
14.5%

You're not logged in!

Compare scores with friends on all Sporcle quizzes.
Join for Free
OR
Log In

You Might Also Like...

Show Comments

Extras

Top Quizzes Today


Score Distribution

Your Account Isn't Verified!

In order to create a playlist on Sporcle, you need to verify the email address you used during registration. Go to your Sporcle Settings to finish the process.

Report this User

Report this user for behavior that violates our Community Guidelines.

Details: